[Event "Berlin-ch"]
[Site "Berlin"]
[Date "2023.04.12"]
[Round "5"]
[White "Schmidek, Emil"]
[Black "Lagunow, Raphael"]
[Result "1-0"]
[WhiteElo "2433"]
[BlackElo "2410"]
[PlyCount "97"]
[EventDate "2023.04.08"]
[EventType "swiss"]
[EventRounds "9"]
[EventCountry "GER"]
[SourceTitle "CBM 213 Extra"]
[Source "ChessBase"]
[SourceDate "2023.05.31"]
[SourceVersion "1"]
[SourceVersionDate "2023.05.31"]
[SourceQuality "1"]

1. d4 Nf6 2. c4 g6 3. f3 Bg7 4. e4 d6 5. Nc3 0-0 6. Be3 c5 7. d5 e6 8. Qd2 exd5 9. cxd5 a6 10. a4 Re8 11. Be2 Qa5 12. Bf4 Qc7 13. Rc1 Nbd7 14. Nh3 Ne5 15. Nf2 Qa5 16. Bh6 Bh8 17. h3 Qb4 18. 0-0 Nh5 19. f4 Nc4 20. Bxc4 Qxc4 21. Nb5 axb5 22. Rxc4 bxc4 23. e5 dxe5 24. g4 Nf6 25. fxe5 Rxe5 26. Re1 Rxe1+ 27. Qxe1 Bd7 28. Qe7 Re8 29. Qxc5 Rc8 30. Qb4 Nxd5 31. Qxb7 Be6 32. a5 Bd4 33. a6 Nb6 34. a7 Bd5 35. Qb8 f6 36. Bd2 Kf7 37. Bc3 Be3 38. Qd6 Be6 39. Bd4 Bxd4 40. Qxd4 Nd5 41. Ne4 Ke7 42. Nc5 Kd6 43. Qxc4 Rxc5 44. Qa6+ Rc6 45. Qa3+ Ke5 46. a8Q Rc1+ 47. Kf2 Rc2+ 48. Kf3 Nc3 49. Qb8+ 1-0

[Event "Berlin-ch"]
[Site "Berlin"]
[Date "2023.04.08"]
[Round "1"]
[White "Noetzel, Felix"]
[Black "Lagunow, Raphael"]
[Result "0-1"]
[WhiteElo "2136"]
[BlackElo "2410"]
[PlyCount "68"]
[EventDate "2023.04.08"]
[EventType "swiss"]
[EventRounds "9"]
[EventCountry "GER"]
[SourceTitle "CBM 213 Extra"]
[Source "ChessBase"]
[SourceDate "2023.05.31"]
[SourceVersion "1"]
[SourceVersionDate "2023.05.31"]
[SourceQuality "1"]

1. e4 c6 2. d4 d5 3. Nc3 dxe4 4. Nxe4 Nf6 5. Nxf6+ exf6 6. c3 Bd6 7. Bd3 0-0 8. Ne2 Re8 9. 0-0 Qc7 10. g3 Bh3 11. Re1 Bg4 12. Qc2 h5 13. Bf4 Nd7 14. Bxd6 Qxd6 15. Nf4 c5 16. h3 Bf3 17. Be4 Bxe4 18. Rxe4 cxd4 19. cxd4 h4 20. Rae1 Rxe4 21. Qxe4 hxg3 22. fxg3 g6 23. Qd5 Qxd5 24. Nxd5 Kg7 25. Rc1 Nb6 26. Nf4 g5 27. Ne2 Re8 28. Kf2 Nd5 29. Rc5 Nb4 30. Rc7 Nd3+ 31. Kf3 f5 32. g4 f4 33. Nc3 Re3+ 34. Kg2 f3+ 0-1

[Event "BL2-Nord 2223"]
[Site "Germany"]
[Date "2023.02.26"]
[Round "8.2"]
[White "Markgraf, Alexander"]
[Black "Lagunow, Raphael"]
[Result "1-0"]
[WhiteElo "2477"]
[BlackElo "2401"]
[PlyCount "87"]
[EventDate "2022.10.22"]
[EventType "team-tourn"]
[EventRounds "10"]
[EventCountry "GER"]
[SourceTitle "EXT 2024"]
[Source "ChessBase"]
[SourceDate "2023.10.10"]
[SourceVersion "1"]
[SourceVersionDate "2023.10.10"]
[SourceQuality "1"]
[WhiteTeam "Werder Bremen II"]
[BlackTeam "Zehlendorf"]
[WhiteTeamCountry "GER"]
[BlackTeamCountry "GER"]

1. e4 c5 2. Nf3 Nc6 3. d4 cxd4 4. Nxd4 Nf6 5. Nc3 e5 6. Ndb5 d6 7. Bg5 a6 8. Na3 b5 9. Bxf6 gxf6 10. Nd5 Bg7 11. c3 f5 12. Bd3 Be6 13. Nxb5 axb5 14. Bxb5 Rc8 15. Qa4 Bd7 16. exf5 Kf8 17. 0-0 Nb8 18. Bxd7 Nxd7 19. Rfd1 h5 20. Qe4 Qg5 21. a4 Bf6 22. b4 Rg8 23. g3 Kg7 24. a5 Bd8 25. a6 Qg4 26. Qxg4+ hxg4 27. a7 Nb6 28. Nxb6 Bxb6 29. Rxd6 Bxa7 30. Rxa7 Rxc3 31. Rg6+ Kh8 32. Rxf7 Rxg6 33. fxg6 Rc6 34. Re7 Rb6 35. g7+ Kg8 36. Rxe5 Rxb4 37. Rg5 Ra4 38. Kg2 Rb4 39. Rf5 Rb6 40. Rg5 Rb4 41. Rg6 Ra4 42. h3 gxh3+ 43. Kxh3 Rb4 44. f4 1-0

[Event "BL2-Nord 2122"]
[Site "Germany"]
[Date "2022.07.02"]
[Round "9.2"]
[White "Lagunow, Raphael"]
[Black "Dauth, Benjamin"]
[Result "1-0"]
[WhiteElo "2401"]
[BlackElo "2277"]
[PlyCount "69"]
[EventDate "2022.03.05"]
[EventType "team-tourn"]
[EventRounds "10"]
[EventCountry "GER"]
[SourceTitle "EXT 2023"]
[Source "ChessBase"]
[SourceDate "2022.10.05"]
[SourceVersion "1"]
[SourceVersionDate "2022.10.05"]
[SourceQuality "1"]
[WhiteTeam "Zehlendorf"]
[BlackTeam "Berlin Rotation"]
[WhiteTeamCountry "GER"]
[BlackTeamCountry "GER"]

1. e4 e5 2. Nf3 Nc6 3. Bc4 Nf6 4. Ng5 d5 5. exd5 Nd4 6. c3 Nf5 7. 0-0 Bd6 8. d3 Ne7 9. Qb3 a6 10. a4 Ng6 11. Ne4 Nh5 12. d4 exd4 13. Nxd6+ Qxd6 14. Re1+ Kd8 15. Qd1 Nf6 16. Qxd4 Ng4 17. g3 N4e5 18. Be2 Bf5 19. Be3 h5 20. Nd2 h4 21. Ne4 Bxe4 22. Qxe4 hxg3 23. hxg3 Qd7 24. Qg2 Qf5 25. g4 Qc2 26. Rac1 Qxa4 27. c4 b5 28. d6 Kd7 29. Qb7 bxc4 30. Qxc7+ Ke6 31. Bxc4+ Kf6 32. Bd4 Rae8 33. Qxf7+ Kg5 34. Qf5+ Kh4 35. Bxe5 1-0

[Event "BL2-Nord 2122"]
[Site "Germany"]
[Date "2022.06.18"]
[Round "7.2"]
[White "Stevic, Hrvoje"]
[Black "Lagunow, Raphael"]
[Result "1-0"]
[WhiteElo "2581"]
[BlackElo "2401"]
[PlyCount "97"]
[EventDate "2022.03.05"]
[EventType "team-tourn"]
[EventRounds "10"]
[EventCountry "GER"]
[SourceTitle "EXT 2023"]
[Source "ChessBase"]
[SourceDate "2022.10.05"]
[SourceVersion "1"]
[SourceVersionDate "2022.10.05"]
[SourceQuality "1"]
[WhiteTeam "Kirchweyhe"]
[BlackTeam "Zehlendorf"]
[WhiteTeamCountry "GER"]
[BlackTeamCountry "GER"]

1. e4 c5 2. c3 d5 3. exd5 Qxd5 4. d4 Nf6 5. Nf3 Bg4 6. dxc5 Qxc5 7. h3 Bh5 8. Be3 Qc7 9. Na3 a6 10. Nc4 Nbd7 11. g4 Bg6 12. g5 Nh5 13. Qd4 e6 14. Rd1 Rd8 15. Nd6+ Bxd6 16. Qxd6 Qxd6 17. Rxd6 Be4 18. Be2 Bd5 19. c4 Bc6 20. 0-0 g6 21. Rfd1 Ke7 22. Ne5 Nxe5 23. Bc5 Rxd6 24. Bxd6+ Ke8 25. Bxe5 f6 26. gxf6 Kf7 27. Rd4 Rf8 28. Bxh5 gxh5 29. h4 Kg6 30. Rf4 Rd8 31. Kf1 Kf7 32. Ke2 Rg8 33. Rd4 Kg6 34. Rd3 Kf5 35. Rg3 Rxg3 36. f7 Rf3 37. f8Q+ Kxe5 38. Qc5+ Kf6 39. Qg5+ Kf7 40. Qxh5+ Kf6 41. Qg5+ Kf7 42. Qh5+ Kf6 43. Qxh7 Rf5 44. Qh8+ Kg6 45. Qg8+ Kf6 46. Qf8+ Kg6 47. Qe7 Re5+ 48. Kd3 Bf3 49. Qd6 1-0

[Event "BL2-Nord 2122"]
[Site "Germany"]
[Date "2022.05.15"]
[Round "6.2"]
[White "Lagunow, Raphael"]
[Black "Kramer, Julian"]
[Result "1/2-1/2"]
[WhiteElo "2396"]
[BlackElo "2455"]
[PlyCount "106"]
[EventDate "2022.03.05"]
[EventType "team-tourn"]
[EventRounds "10"]
[EventCountry "GER"]
[SourceTitle "EXT 2023"]
[Source "ChessBase"]
[SourceDate "2022.10.05"]
[SourceVersion "1"]
[SourceVersionDate "2022.10.05"]
[SourceQuality "1"]
[WhiteTeam "Zehlendorf"]
[BlackTeam "Hamburger SK II"]
[WhiteTeamCountry "GER"]
[BlackTeamCountry "GER"]

1. e4 c5 2. Nf3 d6 3. d4 cxd4 4. Nxd4 Nf6 5. Nc3 Nc6 6. Bg5 e6 7. Qd2 a6 8. 0-0-0 Bd7 9. f3 Be7 10. h4 Nxd4 11. Qxd4 Qc7 12. Kb1 b5 13. Qd2 b4 14. Ne2 a5 15. c4 e5 16. g4 h5 17. Bxf6 Bxf6 18. g5 Be7 19. Ng3 g6 20. f4 Bg4 21. Rc1 exf4 22. Qxf4 Qc5 23. Be2 Be6 24. Rhf1 Bf8 25. Nf5 Qe5 26. Qxe5 dxe5 27. c5 gxf5 28. Bb5+ Bd7 29. c6 Bc8 30. exf5 f6 31. c7+ Kf7 32. Rc6 Bg7 33. Bc4+ Ke7 34. Be6 Ra6 35. Rfc1 Rxc6 36. Rxc6 Rf8 37. Kc2 Bxe6 38. Rxe6+ Kd7 39. Kd3 Bh8 40. Ke4 Kxc7 41. Re7+ Kc6 42. Rh7 Rg8 43. Rxh5 Bg7 44. Rh7 Rh8 45. Rxg7 Rxh4+ 46. Kf3 Rf4+ 47. Ke3 Rxf5 48. gxf6 Rxf6 49. Ra7 Kb6 50. Re7 Rf5 51. Ke4 Rf4+ 52. Ke3 Rf5 53. Ke4 Rf4+ 1/2-1/2

[Event "Berlin-ch"]
[Site "Berlin"]
[Date "2022.04.19"]
[Round "5"]
[White "Lagunow, Raphael"]
[Black "Stern, Rene"]
[Result "1/2-1/2"]
[WhiteElo "2389"]
[BlackElo "2509"]
[PlyCount "158"]
[EventDate "2022.04.15"]
[EventType "swiss"]
[EventRounds "9"]
[EventCountry "GER"]
[SourceTitle "CBM 207 Extra"]
[Source "ChessBase"]
[SourceDate "2022.05.31"]
[SourceVersion "1"]
[SourceVersionDate "2022.05.31"]
[SourceQuality "1"]

1. Nf3 d5 2. d4 Nf6 3. c4 e6 4. g3 dxc4 5. Bg2 c5 6. 0-0 Nc6 7. dxc5 Qxd1 8. Rxd1 Bxc5 9. Nbd2 c3 10. bxc3 0-0 11. Nb3 Be7 12. c4 Bd7 13. Bb2 Rfd8 14. Nfd4 Rac8 15. Nb5 Be8 16. c5 Rxd1+ 17. Rxd1 Kf8 18. Nd6 Rb8 19. h3 g6 20. Rd2 Nd5 21. Bxd5 exd5 22. Nxe8 Kxe8 23. Rxd5 Rc8 24. Kg2 Nd8 25. Bd4 Ne6 26. Be3 h5 27. g4 hxg4 28. hxg4 Rc6 29. a4 Ra6 30. a5 b6 31. cxb6 axb6 32. axb6 Rxb6 33. Bxb6 Nf4+ 34. Kf3 Nxd5 35. Ba5 Bd6 36. Bd2 Kd7 37. e4 Ne7 38. g5 Nc6 39. Ke2 Ke6 40. Bc3 Bf4 41. Bf6 Bd6 42. Ke3 Bb4 43. f4 Bd6 44. Kf3 Bb4 45. Kg4 Ba3 46. Nd2 Bb4 47. Nf3 Kd7 48. f5 gxf5+ 49. exf5 Ke8 50. Kf4 Ba3 51. Ke4 Bc1 52. Kd5 Ne7+ 53. Bxe7 Kxe7 54. f6+ Kd7 55. Ne5+ Ke8 56. g6 fxg6 57. Ke6 Ba3 58. Nxg6 Kd8 59. f7 Bb4 60. Ne5 Bf8 61. Nc6+ Kc7 62. Ne7 Kd8 63. Nf5 Kc7 64. Ne3 Kd8 65. Nd5 Ba3 66. Nf6 Bf8 67. Ne8 Kc8 68. Nd6+ Kd8 69. Nc4 Kc7 70. Kf6 Kd7 71. Ne5+ Kd8 72. Ng6 Ba3 73. Ke6 Bb4 74. Nf4 Bf8 75. Kf6 Kd7 76. Ng6 Ba3 77. Ne5+ Kd8 78. Nc6+ Kd7 79. Ne5+ Kd8 1/2-1/2